000 01376cam a22002174a 4500
005 20250605163928.0
008 250528s ||||||||||||||||||||||||d
035 _a14583
020 _a673994562
040 _aGR-AtMCL
_bgre
_dGR-AtMCL
_eAACR2
245 1 _aIntroduction to Personality / Fourth Edition
250 _a4th
260 _bLongman,
_c1997
300 _a720
520 _aPreface, An Introduction to the Study of Personality, Introduction to Personality, The Tools of Understanding, Theories of Personality, Psychoanalytic Theory: The Freudian Revolution and Dissent and Revision, Psychoanalytic Theory: Research and Assessment and Evaluation, Biological Influences: Behavior Genetics and Evolution and Physiology, Biological Influences: Research and Summary Evaluation, The Behavioral Tradition, Behaviorism: Therapy and Assessment and Summary Evaluation, Social Learning Theory, Trait Theory: Personality Dispositions and Personality Description, Traits: Assessment and Research and Summary Evaluation, Applications of Personality Theory and Research, Personality and Anxiety and Stress and Health, Personality and Occupations and the Workplace, Personality and Gender Differences, Glossary, References, Author and Subject Index.
700 1 _aChaplin William F
_9298
700 1 _aPhares Jerry E
_9299
942 _cBK
999 _c207
_d207